000 01233nam a2200253Ia 4500
999 _c51511
_d51511
001 18500
003 GE_BSU
005 20210511214510.0
008 181216s2015||||ge |||||||||||||| ||geo||
020 _a9789941940200
040 _cGE_BSU
041 _ageo
080 _a17(075.8) ნ-62
100 _aნიკიტიჩ, ლ.ა.
_911773
245 _aეთიკა :
_bდამხმარე სასწავლო სახელმძღვ. უმაღლესი სასწავლებლის სტუდენტებისათვის /
_cლ. ა. ნიკიტიჩ ; ნოდარ ერიაშვილის რედაქტორობით.
264 _aთბილისი :
_bსამართლიანი საქართველო,
_c2015.
300 _a337 გვ. ;
_c20 სმ.
504 _aბიბლიოგრ. : გვ. 335-337
541 _h26ლ.90თ.
653 _aეთიკა
653 _a სახელმძღვანელოები უმაღლესი სასწავლებლებისათვის
700 _aერიაშვილი, ნოდარ
_eრედაქტორი
_93267
942 _cBK
_2udc